<?xml version="1.0" encoding="UTF-8"?>
<record
    xmlns:xsi="http://www.w3.org/2001/XMLSchema-instance"
    xsi:schemaLocation="http://www.loc.gov/MARC21/slim http://www.loc.gov/standards/marcxml/schema/MARC21slim.xsd"
    xmlns="http://www.loc.gov/MARC21/slim">

  <leader>01254nam a2200205Ia 4500</leader>
  <controlfield tag="008">220107t1937||||xx |||||||||||||| ||und||</controlfield>
  <datafield tag="040" ind1=" " ind2=" ">
    <subfield code="a">BoOrUTOFe</subfield>
    <subfield code="b">Es</subfield>
    <subfield code="c">UTO</subfield>
  </datafield>
  <datafield tag="044" ind1=" " ind2=" ">
    <subfield code="a">DO</subfield>
  </datafield>
  <datafield tag="082" ind1=" " ind2=" ">
    <subfield code="a">eco 336.3</subfield>
    <subfield code="b">F83</subfield>
  </datafield>
  <datafield tag="100" ind1=" " ind2=" ">
    <subfield code="a">Trujillo, Rafael</subfield>
  </datafield>
  <datafield tag="245" ind1=" " ind2="0">
    <subfield code="a">Reajuste de la deuda externa</subfield>
  </datafield>
  <datafield tag="246" ind1=" " ind2=" ">
    <subfield code="a"> Readjustment of debt</subfield>
  </datafield>
  <datafield tag="260" ind1=" " ind2=" ">
    <subfield code="a">Republica Dominicana:</subfield>
    <subfield code="b">Diario,</subfield>
    <subfield code="c">1937</subfield>
  </datafield>
  <datafield tag="300" ind1=" " ind2=" ">
    <subfield code="a">329p.</subfield>
    <subfield code="b">.</subfield>
    <subfield code="c">24cm</subfield>
  </datafield>
  <datafield tag="500" ind1=" " ind2=" ">
    <subfield code="a">Incluye &#xED;ndice</subfield>
  </datafield>
  <datafield tag="505" ind1=" " ind2=" ">
    <subfield code="a">Negociaciones que culminaron en la presentaci&#xF3;n de bonos extranjeros, datos historicos acerca de la republica Dominicana, descripci&#xF3;n e historia de  los bonos, condicones que culminaron en la emergencia, resumen de la ley de emergnecia, medidas extraordinarias, condicones que motivar&#xF3;n, la promulgaci&#xF3;n de la ley de emergencia de 1993 descenso violento en el balance del comercio internacional, los efectos perjudiciales del balance desfavorable del comercio internacional, fines precisos para los cuales las sumas adicionales, consideraciones generales que rigen las relaciones entre deudoresy acreedores durante el periodo de depresi&#xF3;n, obligaciones y derchos de la republica dominicana, conlusi&#xF3;n</subfield>
  </datafield>
  <datafield tag="650" ind1=" " ind2=" ">
    <subfield code="a">Reajuste de la deuda Externa</subfield>
  </datafield>
  <datafield tag="655" ind1=" " ind2=" ">
    <subfield code="a">Libros de Texto</subfield>
  </datafield>
  <datafield tag="942" ind1=" " ind2=" ">
    <subfield code="c">LI</subfield>
    <subfield code="z">FCEFA20</subfield>
  </datafield>
  <datafield tag="999" ind1=" " ind2=" ">
    <subfield code="c">4443</subfield>
    <subfield code="d">4443</subfield>
    <subfield code="x">1</subfield>
  </datafield>
  <datafield tag="952" ind1=" " ind2=" ">
    <subfield code="0">0</subfield>
    <subfield code="1">0</subfield>
    <subfield code="2">ddc</subfield>
    <subfield code="4">0</subfield>
    <subfield code="7">0</subfield>
    <subfield code="a">UTO</subfield>
    <subfield code="b">UTO</subfield>
    <subfield code="c">1</subfield>
    <subfield code="d">2022-01-08</subfield>
    <subfield code="i">1776</subfield>
    <subfield code="o">eco 336.3/F83</subfield>
    <subfield code="p">1776</subfield>
    <subfield code="r">2024-02-15 00:00:00</subfield>
    <subfield code="t">Ej. 1</subfield>
    <subfield code="w">2022-01-08</subfield>
    <subfield code="y">LI</subfield>
  </datafield>
</record>
